Eu Digital Single Market – Are We There yet?

Súčasný stav jednotného digitálneho trhu v EÚ. Rôzne zdroje pre identifikáciu vývoja Európskej únie smerom k jednotnému digitálnemu trhu. Problematika ochrany dát.

Na minha lista:
Detalhes bibliográficos
Autor principal: Ježová, Daniela
Formato: Capítulo de Livro
Idioma:inglês
Assuntos:
Tags: Adicionar Tag
Sem tags, seja o primeiro a adicionar uma tag!

MARC

LEADER 00000nla a2200000 4500
001 0241162
005 20240417075133.5
041 0 |a eng 
044 |a CZ 
245 1 0 |a Eu Digital Single Market – Are We There yet?  |c Daniela Ježová 
520 |a Súčasný stav jednotného digitálneho trhu v EÚ. Rôzne zdroje pre identifikáciu vývoja Európskej únie smerom k jednotnému digitálnemu trhu. Problematika ochrany dát. 
610 2 0 |a trh elektronický 
610 2 0 |a trh jednotný 
610 2 0 |a ochrana dát 
610 2 0 |a vývoj 
610 2 0 |a technológie informačné 
610 2 0 |a systémy informačné medzinárodné 
610 2 0 |a digitalizácia 
610 2 0 |a Európska únia 
100 1 |a Ježová, Daniela